People Who Died in Battle - Statistics

General Stats
  • This quiz has been taken 22,343 times
    10,765 since last reset
  • The average score is 11 of 17
Answer Stats
Battle or War Year Clue Answer % Correct
Trojan War - Shot in the heel by Paris Achilles
86%
Ottoman–Hungarian Wars 1476 Wallachian ruler known for impaling people Vlad the Impaler
84%
Battle of Trafalgar 1805 One-armed British admiral Horatio Nelson
83%
Philistine-Israelite War - Giant who caught a rock to the forehead Goliath
82%
WWI 1918 Top ace of WWI Manfred von Richthofen
80%
Battle of the Little Bighorn 1876 He had a last stand fighting the Sioux George Armstrong Custer
79%
Third Servile War 71 BC Gladiator who led a slave revolt against Rome Spartacus
74%
Battle of Bosworth Field 1485 English king who would have given his kingdom for a horse Richard III
71%
Battle of Lumphanan 1057 Scottish king written about by Shakespeare MacBeth
64%
Battle of the Alamo 1836 "King of the Wild Frontier" Davy Crockett
60%
Battle of Thermopylae 480 BC King of Sparta Leonidas
60%
Battle of Hastings 1066 Last Anglo-Saxon king of England Harold II
52%
Trojan War - Greatest soldier of Troy Hector
51%
U.S. Civil War 1863 Confederate general shot by his own troops by accident when returning to camp Stonewall Jackson
47%
Unnamed battle against a steppe tribe 530 BC "Great" founder of the first Persian Empire Cyrus the Great
39%
Battle of Lützen 1632 Swedish king called "The Lion of the North" Gustavus Adolphus
31%
Roman-Parthian Wars 53 BC Richest man in Rome Crassus
27%
No matching quizzes found
Score Distribution
Percent of People with Each Score
Percentile by Number Answered
Your Score History
You have not taken this quiz since the last reset